Photographs and anti-photographs.
Zapisane w:
| 1. autor: | |
|---|---|
| Kolejni autorzy: | , |
| Format: | Nieznany |
| Język: | angielski |
| Wydane: |
Greenwich, CT, USA
New York Graphic Society,
1972
|
| Hasła przedmiotowe: | |
| Etykiety: |
Dodaj etykietę
Nie ma etykietki, Dołącz pierwszą etykiete!
|
MARC
| LEADER | 00000 a2200000 4500 | ||
|---|---|---|---|
| 003 | CL-VaPUC | ||
| 005 | 20210825120005.0 | ||
| 008 | 210720b1972 ||||| |||| 00| 0 eng d | ||
| 999 | |c 433318 |d 433316 | ||
| 020 | |a 8212-0440-8 | ||
| 040 | |c Pontificia Universidad Católica de Valparaíso | ||
| 082 | |a 779.0924 ERW 1972 | ||
| 100 | |a Erwitt, Elliott |9 862124 | ||
| 245 | |a Photographs and anti-photographs. | ||
| 260 | |a Greenwich, CT, USA |b New York Graphic Society, |c 1972 | ||
| 300 | |a 128 páginas; |b fotografías en blanco y negro | ||
| 583 | |k Cristina Rojas |c 20210720 | ||
| 600 | |a Elliot, Erwin |d 1928- |x Fotografía |y Siglo 20 |z Estados Unidos |9 862275 | ||
| 650 | 0 | |a Fotografía artística |9 269391 | |
| 700 | |a Holmes, Sam |e ensayo biográfico |9 862226 | ||
| 700 | |a Szarkowski, John |e introducción |9 862227 | ||
| 942 | |2 ddc |c BK | ||
| 952 | |0 0 |1 0 |2 ddc |4 0 |6 779_092400000000000_ERW_1972 |7 0 |8 A |9 578415 |a BIBART |b BIBART |d 2021-07-15 |e 139 |g 0.00 |i 5586275 |o 779.0924 ERW 1972 |p 5586275 |r 2025-03-13 |t 1 |v 0.00 |w 2021-07-15 |y BK |k ART | ||